[Event "Prague International Open"]
[Site "Prague CZE"]
[Date "2019.03.09"]
[Round "1.1"]
[White "Van den Doel, Erik"]
[Black "Vrabec, Milos"]
[Result "1-0"]
[WhiteTitle "GM"]
[WhiteElo "2610"]
[BlackElo "2144"]
[WhiteFideId "1003720"]
[BlackFideId "338982"]
[EventDate "2019.03.09"]

1. d4 f5 2. Nc3 Nf6 3. Bg5 d5 4. e3 e6 5. Nf3 Be7 6. Bd3 Nbd7 7. Ne2 Ne4 8. Nf4
Nf8 9. Bxe7 Qxe7 10. O-O Nd7 11. c4 c6 12. Be2 O-O 13. Rc1 Rf6 14. Nd3 Rh6 15.
b4 g5 16. g3 g4 17. Nfe1 dxc4 18. Nc5 Ndxc5 19. bxc5 c3 20. f3 gxf3 21. Bxf3 Qg5
22. Ng2 Nf6 23. Rxc3 Nd5 24. Ra3 Qg7 25. Qd2 Bd7 26. Rb1 Bc8 27. Bxd5 exd5 28.
Nf4 Qe7 29. Rab3 Rf6 30. Nd3 Rf7 31. Ne5 Rg7 32. Qf2 Qg5 33. a4 Rc7 34. a5 a6
35. Kh1 Rg7 36. Qf3 h6 37. Qf2 Ra7 38. Qb2 Be6 39. Rf1 Qe7 40. Qg2 Ra8 41. Rfb1
Ra7 42. Kg1 Kh7 43. R1b2 Qc7 44. Rb6 Bc8 45. Qf1 Ra8 46. Kh1 Qe7 47. Qb1 Kg8 48.
R6b3 Qc7 49. Qe1 Ra7 50. Rb1 Ra8 51. Qc3 Qe7 52. R3b2 Qg5 53. Qd3 Qd8 54. Rf1
Qg5 55. Rbf2 Be6 56. Nf3 Qg4 57. Nh4 Qe4+ 58. Qxe4 fxe4 59. Rf6 Bh3 60. R1f4 Kh7
61. Rd6 h5 62. Rff6 Re8 63. Ng6 Kg8 64. Nf4 Bg4 65. h3 Bf3+ 66. Kh2 Rh7 67. Ne6
Rf7 68. Rg6+ Kh8 69. Kg1 Rg8 70. Rxg8+ Kxg8 71. Rd8+ 1-0

[Event "Prague International Open"]
[Site "Prague CZE"]
[Date "2019.03.09"]
[Round "1.2"]
[White "Splichal, Stanislav"]
[Black "Sedlak, Nikola"]
[Result "0-1"]
[BlackTitle "GM"]
[WhiteElo "2142"]
[BlackElo "2605"]
[WhiteFideId "310476"]
[BlackFideId "922900"]
[EventDate "2019.03.09"]

1. Nf3 e6 2. c4 b6 3. g3 Bb7 4. Bg2 Nf6 5. O-O g6 6. Nc3 Bg7 7. d4 Ne4 8. Nxe4
Bxe4 9. Bg5 Qc8 10. Qd2 h6 11. Be3 Nc6 12. Rac1 Ne7 13. Ne1 Bxg2 14. Nxg2 Nf5
15. d5 c5 16. dxc6 Qxc6 17. Rfd1 O-O 18. b3 Rfd8 19. g4 Nxe3 20. Qxe3 Rac8 21.
Ne1 Qb7 22. Nf3 Rc7 23. h4 Rdc8 24. Qf4 Qa6 25. Rc2 d5 26. Rcd2 Re7 27. g5 h5
28. cxd5 exd5 29. Rxd5 Qxa2 30. Nd4 Rce8 31. e3 Re4 0-1

[Event "Prague International Open"]
[Site "Prague CZE"]
[Date "2019.03.09"]
[Round "1.4"]
[White "Burnett, Andrew"]
[Black "Bernadskiy, Vitaliy"]
[Result "0-1"]
[WhiteTitle "FM"]
[BlackTitle "GM"]
[WhiteElo "2134"]
[BlackElo "2581"]
[WhiteFideId "2400855"]
[BlackFideId "14100371"]
[EventDate "2019.03.09"]

1. d4 g6 2. e4 Bg7 3. Nc3 a6 4. Be3 b5 5. Bd3 d6 6. Qd2 Nd7 7. a4 b4 8. Nce2 c5
9. Nf3 Qc7 10. Nf4 Ngf6 11. Nd5 Nxd5 12. exd5 c4 13. Be2 c3 14. bxc3 bxc3 15.
Qc1 h6 16. Ng1 Nf6 17. Bf3 Bb7 18. Ne2 Bxd5 19. Bxd5 Nxd5 20. O-O Rc8 21. Rd1
Qa5 22. Ra3 Rc4 23. Rd3 Rxa4 24. Rxa4 Qxa4 25. Nxc3 Nxc3 26. Rxc3 O-O 27. Qa3
Qxa3 28. Rxa3 f5 29. f3 f4 30. Bf2 Rc8 31. c3 a5 32. Kf1 a4 33. Rxa4 Rxc3 34.
Ke2 Rc2+ 35. Ke1 Kf7 36. g3 Rc1+ 37. Ke2 Rh1 38. d5 Be5 39. gxf4 Bf6 40. Bg3 h5
41. Bf2 h4 42. f5 g5 43. Rg4 Rxh2 44. Kf1 Rh1+ 45. Kg2 Rd1 46. f4 gxf4 47. Rxf4
Rxd5 48. Rf3 Rd1 49. Rh3 Rd2 50. Kf1 Rd5 51. Rf3 Bg5 0-1

[Event "Prague International Open"]
[Site "Prague CZE"]
[Date "2019.03.09"]
[Round "1.5"]
[White "Vorobiov, Evgeny E."]
[Black "Galicek, Stanislav"]
[Result "1-0"]
[WhiteTitle "GM"]
[WhiteElo "2566"]
[BlackElo "2133"]
[WhiteFideId "4121341"]
[BlackFideId "316342"]
[EventDate "2019.03.09"]

1. d4 Nf6 2. c4 g6 3. Nc3 d5 4. cxd5 Nxd5 5. Bd2 Bg7 6. e4 Nxc3 7. Bxc3 c5 8. d5
Bxc3+ 9. bxc3 Qa5 10. Qd2 b5 11. Nf3 b4 12. cxb4 Qxb4 13. Bd3 Ba6 14. Rb1 Qxd2+
15. Kxd2 c4 16. Bc2 e6 17. Ba4+ Ke7 18. Kc3 exd5 19. exd5 Rd8 20. Rhd1 Kf6 21.
Nd2 Nd7 22. Ne4+ Kg7 23. Bc6 Rab8 24. Bxd7 Rxb1 25. Rxb1 Rxd7 26. Nc5 Rd6 27.
Rb8 g5 28. a4 g4 29. Ra8 Rf6 30. Rxa7 Bc8 31. Rc7 Bf5 32. Rc6 1-0

[Event "Prague International Open"]
[Site "Prague CZE"]
[Date "2019.03.09"]
[Round "1.6"]
[White "Dette, Jan"]
[Black "Stefansson, Hannes"]
[Result "0-1"]
[BlackTitle "GM"]
[WhiteElo "2128"]
[BlackElo "2523"]
[WhiteFideId "12936677"]
[BlackFideId "2300087"]
[EventDate "2019.03.09"]

1. e4 c5 2. Nf3 e6 3. d4 cxd4 4. Nxd4 Nc6 5. Be2 Nf6 6. Bf3 Qb6 7. Nb3 Qc7 8.
Nc3 a6 9. a4 b6 10. Be3 Bb7 11. O-O Bb4 12. Ne2 Bd6 13. Kh1 Ne5 14. Bf4 Nxe4 15.
Bxe4 Bxe4 16. Qd4 Bd5 17. Nc3 Bc6 18. Rad1 Ke7 19. Ne4 Bxe4 20. Qxe4 f6 21. Rfe1
Rad8 22. Re2 Qc6 23. Qd4 Bb8 24. Qb4+ Kf7 25. a5 b5 26. Qc5 Rhe8 27. Red2 d5 28.
Bxe5 Qxc5 29. Nxc5 Bxe5 30. c3 Bd6 31. Nb7 Rd7 32. Nxd6+ Rxd6 33. f4 h5 34. Kg1
Kg6 35. Kf2 Rc8 36. Kf3 Rc4 37. g3 Rdc6 38. Rd4 Rxd4 39. Rxd4 Rc4 40. Rd3 b4 41.
cxb4 Rxb4 42. Rc3 Rxb2 43. Rc6 Kf5 44. Rxa6 Rxh2 45. Ra7 g6 46. a6 Ra2 47. Ra8
Ra3+ 48. Kf2 e5 49. a7 exf4 50. gxf4 h4 51. Kg2 Kxf4 52. Rg8 Rxa7 53. Rxg6 Ra2+
54. Kh3 f5 55. Rg8 d4 56. Rd8 Ke5 0-1

[Event "Prague International Open"]
[Site "Prague CZE"]
[Date "2019.03.09"]
[Round "1.7"]
[White "Sivuk, Vitaly"]
[Black "Vokoun, Jan"]
[Result "1-0"]
[WhiteTitle "GM"]
[BlackTitle "FM"]
[WhiteElo "2514"]
[BlackElo "2121"]
[WhiteFideId "14116502"]
[BlackFideId "301647"]
[EventDate "2019.03.09"]

1. d4 Nf6 2. c4 d6 3. Nf3 Nbd7 4. Nc3 e5 5. e4 g6 6. Be2 exd4 7. Nxd4 Bg7 8. O-O
O-O 9. f3 Re8 10. Kh1 a6 11. Bg5 h6 12. Be3 Nc5 13. Qd2 Kh7 14. Rad1 Bd7 15. b4
Ne6 16. Nb3 Bc8 17. Rfe1 Nd7 18. f4 Nef8 19. Bf3 Kg8 20. Qc1 Nh7 21. c5 dxc5 22.
Nxc5 c6 23. e5 Qc7 24. Nxd7 Bxd7 25. Nd5 Qb8 26. Nb6 Be6 27. Nxa8 Qxa8 28. Rd2
a5 29. a3 axb4 30. axb4 Qa4 31. Qc3 g5 32. Ra1 Qb5 33. Be2 1-0

[Event "Prague International Open"]
[Site "Prague CZE"]
[Date "2019.03.09"]
[Round "1.8"]
[White "Petr, Jan1"]
[Black "Popovic, Dusan"]
[Result "0-1"]
[BlackTitle "GM"]
[WhiteElo "2121"]
[BlackElo "2511"]
[WhiteFideId "305154"]
[BlackFideId "927031"]
[EventDate "2019.03.09"]

1. e4 e5 2. Nf3 d6 3. d4 exd4 4. Nxd4 Nf6 5. Nc3 Be7 6. Be2 O-O 7. O-O Re8 8.
Re1 Bf8 9. Bf3 Nbd7 10. g3 c6 11. Bg2 Ne5 12. h3 Bd7 13. f4 Ng6 14. Be3 Qc7 15.
a4 a6 16. a5 c5 17. Nf5 Bc6 18. Bf2 Rad8 19. Nd5 Bxd5 20. exd5 Qd7 21. Rxe8 Rxe8
22. Ne3 h5 23. h4 Ne7 24. Qd3 g6 25. c3 Bg7 26. Rc1 Qa4 27. Nc4 Nf5 28. Re1
Rxe1+ 29. Bxe1 Qa1 30. Qf1 Qb1 31. Bf3 Ng4 32. Bf2 Qa2 33. Be4 Ngh6 34. Bd3 Qa4
35. Qe1 Qd7 36. Qd1 Bf6 37. Qe2 Bd8 38. Qe1 Kg7 39. Qe2 Qa4 40. Qc2 Qd7 41. Qe2
Be7 42. Kg2 Kf8 43. Nb6 Qe8 44. Nc4 Qd8 45. Nb6 Bf6 46. Nc4 Ne7 47. Qf3 Nhf5 48.
Kh2 Kg7 49. Nb6 Nh6 50. Qe2 Nc8 51. Nc4 Qd7 52. Qd1 Bd8 53. Kg2 Ne7 54. Be4 Nef5
55. Bd3 Bc7 56. Qb3 Qc8 57. Qd1 Ng4 58. Be4 Qd7 59. Kg1 Nf6 60. Bc2 Ne7 61. b4
Nexd5 62. bxc5 dxc5 63. Bxc5 Qb5 64. Qd4 Bxa5 65. Nxa5 Qxa5 66. c4 Qe1+ 67. Kg2
Qe2+ 68. Qf2 Qxc4 69. f5 Nb4 70. Bb1 Nd3 71. Bxd3 Qxd3 72. fxg6 Kxg6 0-1

[Event "Prague International Open"]
[Site "Prague CZE"]
[Date "2019.03.09"]
[Round "1.9"]
[White "Demuth, Adrien"]
[Black "Kaderabek, Jiri"]
[Result "1/2-1/2"]
[WhiteTitle "GM"]
[WhiteElo "2510"]
[BlackElo "2120"]
[WhiteFideId "642274"]
[BlackFideId "306711"]
[EventDate "2019.03.09"]

1. Nf3 Nf6 2. g3 g6 3. b3 Bg7 4. Bb2 d6 5. d4 O-O 6. Bg2 c6 7. O-O Qc7 8. c4 Bg4
9. Nc3 Re8 10. h3 Bxf3 11. Bxf3 Nbd7 12. e4 e5 13. d5 c5 14. Kh2 Re7 15. Qc2 Rf8
16. Be2 a6 17. Rab1 Qd8 18. Bc1 Ne8 19. Bd3 f6 20. a3 Ref7 21. g4 Kh8 22. f3 Rg8
23. Be3 Qc8 24. Ne2 Bf8 25. Ng3 Be7 26. h4 Qd8 27. Kh3 Nf8 1/2-1/2

[Event "Prague International Open"]
[Site "Prague CZE"]
[Date "2019.03.09"]
[Round "1.10"]
[White "Mulenko, Alexander"]
[Black "Kriebel, Tadeas"]
[Result "0-1"]
[BlackTitle "IM"]
[WhiteElo "2119"]
[BlackElo "2507"]
[WhiteFideId "24105430"]
[BlackFideId "330027"]
[EventDate "2019.03.09"]

1. Nf3 d5 2. d4 e6 3. c4 a6 4. g3 dxc4 5. Bg2 b5 6. Ne5 c6 7. a4 Bb7 8. O-O Nf6
9. axb5 axb5 10. Rxa8 Bxa8 11. Nc3 Nd5 12. e4 Nxc3 13. bxc3 Be7 14. Qh5 O-O 15.
f4 Nd7 16. Nxd7 Qxd7 17. f5 exf5 18. Bh3 g6 19. Qh6 f6 20. Rxf5 Qe8 21. Rf1 Bd6
22. Bf4 Bxf4 23. Qxf4 Qe7 24. Rd1 Bb7 25. d5 cxd5 26. exd5 Qc5+ 27. Qd4 Qxd4+
28. Rxd4 f5 29. g4 fxg4 30. Bxg4 Rd8 31. Be6+ Kg7 32. Kf2 Kf6 33. Ke3 Ke5 34.
Re4+ Kd6 35. Rh4 Rf8 36. Rxh7 Bxd5 37. Bxd5 Kxd5 38. Rh6 Re8+ 39. Kd2 Re6 40. h4
Ke5 41. h5 g5 42. Rh7 Kf4 43. Rb7 Kg4 44. h6 Rxh6 45. Rxb5 Re6 46. Rd5 Re4 47.
Rd4 Kf4 48. Rd8 g4 49. Rf8+ Kg3 50. Rf7 Kg2 51. Rf8 g3 0-1

[Event "Prague International Open"]
[Site "Prague CZE"]
[Date "2019.03.09"]
[Round "1.11"]
[White "Stany, G.A."]
[Black "Zubova, Mariya"]
[Result "1-0"]
[WhiteTitle "IM"]
[BlackTitle "WFM"]
[WhiteElo "2507"]
[BlackElo "2117"]
[WhiteFideId "5029104"]
[BlackFideId "14118874"]
[EventDate "2019.03.09"]

1. e4 e5 2. Nf3 Nc6 3. Bb5 g6 4. c3 a6 5. Ba4 Bg7 6. d4 b5 7. Bb3 exd4 8. cxd4
Na5 9. a4 Nxb3 10. Qxb3 Rb8 11. Nc3 b4 12. Bg5 f6 13. Ne5 Qe7 14. Nd5 Qf8 15.
Nxc7+ Ke7 16. Nd5+ Ke8 17. Qc4 fxg5 18. Qc7 Ra8 19. Nb6 Qf4 20. O-O Bxe5 21.
dxe5 Qxe4 22. e6 Qc6 23. exd7+ Bxd7 24. Qe5+ 1-0

[Event "Prague International Open"]
[Site "Prague CZE"]
[Date "2019.03.09"]
[Round "1.12"]
[White "Meszaros, Ludek"]
[Black "Gasanov, Eldar"]
[Result "0-1"]
[BlackTitle "GM"]
[WhiteElo "2111"]
[BlackElo "2500"]
[WhiteFideId "308153"]
[BlackFideId "14104466"]
[EventDate "2019.03.09"]

1. e4 c5 2. Nf3 Nc6 3. Bb5 Nf6 4. Nc3 Qc7 5. O-O Nd4 6. Re1 a6 7. Bf1 Ng4 8. g3
Nxf3+ 9. Qxf3 Ne5 10. Qe2 e6 11. d3 Be7 12. f4 Nc6 13. Be3 O-O 14. Bg2 d6 15.
Rf1 b5 16. Qf2 b4 17. Ne2 Bd7 18. c3 bxc3 19. bxc3 Rab8 20. d4 Rb2 21. d5 Na5
22. Bc1 Rc2 23. Qe1 Bb5 24. Rf2 exd5 25. exd5 Bd3 26. Qd1 c4 27. Nd4 Rxf2 28.
Kxf2 Bf6 29. Be3 Nb7 30. Qa4 Nc5 31. Qc6 Qb8 32. Nb5 Qxb5 33. Qxb5 axb5 0-1

[Event "Prague International Open"]
[Site "Prague CZE"]
[Date "2019.03.09"]
[Round "1.13"]
[White "Kashlinskaya, Alina"]
[Black "Zvolensky, David"]
[Result "1-0"]
[WhiteTitle "IM"]
[WhiteElo "2470"]
[BlackElo "2111"]
[WhiteFideId "4198026"]
[BlackFideId "393770"]
[EventDate "2019.03.09"]

1. d4 Nf6 2. c4 c5 3. d5 b5 4. cxb5 a6 5. bxa6 g6 6. Nc3 Qa5 7. Bd2 Bg7 8. e4 d6
9. Bb5+ Bd7 10. a4 O-O 11. Nf3 Nxa6 12. O-O Nb4 13. Bc4 Bg4 14. h3 Bxf3 15. Qxf3
Nd7 16. Qe2 Ne5 17. Bb5 Nc2 18. f4 Qb4 19. fxe5 Nxa1 20. Rxa1 Bxe5 21. Nd1 Qd4+
22. Kh1 f5 23. Bc3 Qxe4 24. Qxe4 fxe4 25. Bxe5 dxe5 26. Kg1 Kg7 27. Rc1 Rfd8 28.
Rxc5 e6 29. Nc3 exd5 30. Nxd5 Rac8 31. Rxc8 Rxc8 32. b4 Kf7 33. a5 Ke6 34. Bd7+ 1-0

[Event "Prague International Open"]
[Site "Prague CZE"]
[Date "2019.03.09"]
[Round "1.14"]
[White "Hrbolka, Ladislav sr"]
[Black "Rasik, Vitezslav"]
[Result "0-1"]
[WhiteTitle "FM"]
[BlackTitle "GM"]
[WhiteElo "2107"]
[BlackElo "2463"]
[WhiteFideId "300772"]
[BlackFideId "300306"]
[EventDate "2019.03.09"]

1. d4 g6 2. Nf3 Nf6 3. c4 Bg7 4. Nc3 O-O 5. e4 d6 6. Be2 e5 7. d5 a5 8. Bg5 h6
9. Be3 Na6 10. Nd2 Nh7 11. O-O Bd7 12. a3 f5 13. exf5 gxf5 14. f4 Qe7 15. Rc1
Nc5 16. Re1 Nf6 17. h3 exf4 18. Bxf4 Nfe4 19. Ndxe4 fxe4 20. Rf1 Qh4 21. Bh2 Qg5
22. Kh1 Rxf1+ 23. Bxf1 Rf8 24. Rc2 Qf5 25. Be2 Na4 26. Qe1 e3 27. Qc1 Nxc3 28.
bxc3 Qe4 0-1

[Event "Prague International Open"]
[Site "Prague CZE"]
[Date "2019.03.09"]
[Round "1.15"]
[White "Butkiewicz, Lukasz"]
[Black "Skalsky, Alexandr"]
[Result "1-0"]
[WhiteTitle "IM"]
[WhiteElo "2447"]
[BlackElo "2103"]
[WhiteFideId "1122428"]
[BlackFideId "381799"]
[EventDate "2019.03.09"]

1. d4 Nf6 2. Bg5 d5 3. Bxf6 exf6 4. e3 Bd6 5. g3 c6 6. Bg2 f5 7. Ne2 Nd7 8. b3
Nf6 9. Qd3 a5 10. O-O h5 11. c4 h4 12. Nbc3 Ng4 13. h3 dxc4 14. bxc4 Nf6 15.
Rad1 Bd7 16. c5 Bb8 17. d5 O-O 18. dxc6 bxc6 19. Bxc6 Ra7 20. Nb5 Bxc6 21. Qxd8
Bxb5 22. Qb6 Bxe2 23. Rd8 Nd7 24. Rxf8+ Kh7 25. Qb1 Nxf8 26. Qxb8 1-0

[Event "Prague International Open"]
[Site "Prague CZE"]
[Date "2019.03.09"]
[Round "1.16"]
[White "Simecek, Bohumil"]
[Black "Stachowiak, Kamil"]
[Result "0-1"]
[BlackTitle "IM"]
[WhiteElo "2098"]
[BlackElo "2433"]
[WhiteFideId "308188"]
[BlackFideId "1119966"]
[EventDate "2019.03.09"]

1. d4 Nf6 2. c4 c5 3. d5 b5 4. cxb5 a6 5. b6 d6 6. Nc3 g6 7. Nf3 Bg7 8. e4 O-O
9. Be2 Qxb6 10. Nd2 Nbd7 11. Nc4 Qc7 12. O-O Nb6 13. Ne3 Bd7 14. a4 Rfb8 15. Qc2
Qd8 16. h3 e6 17. a5 Nc8 18. Nc4 exd5 19. exd5 Bb5 20. Bg5 h6 21. Bh4 Bxc4 22.
Bxc4 Ne7 23. g4 Nd7 24. f4 g5 25. Bg3 gxf4 26. Bxf4 Ne5 27. Be2 N7g6 28. Bg3 Qg5
29. Rf5 Qe7 30. Raf1 Rb4 31. Na4 Nh4 32. R5f4 Rxf4 33. Rxf4 Neg6 34. Re4 Qg5 35.
Kh2 Be5 36. Bxe5 Nxe5 37. Nb6 Rf8 38. Bxa6 f5 39. Ra4 fxg4 40. Qe4 g3+ 41. Kg1
Qc1+ 0-1

[Event "Prague International Open"]
[Site "Prague CZE"]
[Date "2019.03.09"]
[Round "1.17"]
[White "Cernousek, Lukas"]
[Black "Ziogas, Modestas"]
[Result "1-0"]
[WhiteTitle "IM"]
[WhiteElo "2429"]
[BlackElo "2092"]
[WhiteFideId "311707"]
[BlackFideId "12803740"]
[EventDate "2019.03.09"]

1. d4 d5 2. c4 Nf6 3. cxd5 Qxd5 4. Nc3 Qa5 5. Bd2 Nc6 6. e4 Qh5 7. Qxh5 Nxh5 8.
Nb5 Kd8 9. d5 a6 10. dxc6 axb5 11. Bxb5 b6 12. Bc4 e6 13. e5 g6 14. O-O-O Ke8
15. Ne2 Ra4 16. b3 Ra8 17. Nd4 Be7 18. Nb5 Bd8 19. g4 Ng7 20. Bh6 Rg8 21. Rxd8+
Kxd8 22. Bg5+ 1-0

[Event "Prague International Open"]
[Site "Prague CZE"]
[Date "2019.03.09"]
[Round "1.18"]
[White "Benes, Miroslav"]
[Black "Souleidis, Georgios"]
[Result "0-1"]
[BlackTitle "IM"]
[WhiteElo "2074"]
[BlackElo "2423"]
[WhiteFideId "325945"]
[BlackFideId "4206827"]
[EventDate "2019.03.09"]

1. c4 Nf6 2. Nc3 g6 3. e4 d6 4. d4 Bg7 5. Nf3 O-O 6. Be2 e5 7. Be3 Ng4 8. Bg5 f6
9. Bh4 Nc6 10. d5 Ne7 11. Nd2 Nh6 12. b4 g5 13. Bg3 Ng6 14. c5 Nf4 15. O-O Nxe2+
16. Qxe2 f5 17. f3 f4 18. Bf2 g4 19. cxd6 cxd6 20. Rfc1 Rf7 21. Nc4 Bf8 22. Nb5
Rg7 23. Kf1 a6 24. Bb6 Qh4 25. Nbxd6 gxf3 26. Qxf3 Bg4 27. Qf2 Qxh2 28. Bc5 Rd8
29. Nxb7 Rxb7 30. Nxe5 Qh1+ 31. Qg1 Qh5 32. Nc6 Be2+ 33. Ke1 Bb5 34. Nd4 Re8 35.
Qf2 Rxe4+ 36. Kd2 Qxd5 37. a4 Re2+ 0-1

[Event "Prague International Open"]
[Site "Prague CZE"]
[Date "2019.03.09"]
[Round "1.19"]
[White "Shagbazyan, Taron"]
[Black "Vetrovsky, Michal"]
[Result "1-0"]
[WhiteTitle "FM"]
[WhiteElo "2421"]
[BlackElo "2072"]
[WhiteFideId "14122073"]
[BlackFideId "303372"]
[EventDate "2019.03.09"]

1. d4 Nf6 2. c4 g6 3. Nc3 Bg7 4. g3 d6 5. Bg2 O-O 6. e3 Nbd7 7. Nge2 e5 8. O-O
Re8 9. b3 exd4 10. Nxd4 Nc5 11. Qc2 a5 12. Bb2 Qe7 13. Nd5 Nxd5 14. cxd5 Bd7 15.
Rac1 b5 16. a3 b4 17. axb4 axb4 18. Ra1 h5 19. Qc4 h4 20. Rxa8 Rxa8 21. Qxb4 h3
22. Bh1 Nd3 23. Qc3 Nxb2 24. Qxb2 Qe8 25. Qd2 Qb8 26. b4 Qb6 27. Nc6 Ra3 28. Rb1
Bxc6 29. dxc6 Bc3 30. Qc1 Qa7 31. b5 Ra1 32. Rxa1 Bxa1 33. b6 Qxb6 34. Qxa1 Qc5
35. Bf3 1-0

[Event "Prague International Open"]
[Site "Prague CZE"]
[Date "2019.03.09"]
[Round "1.20"]
[White "Novotny, Martin"]
[Black "Nguyen, Piotr"]
[Result "0-1"]
[BlackTitle "IM"]
[WhiteElo "2069"]
[BlackElo "2419"]
[WhiteFideId "383600"]
[BlackFideId "1127993"]
[EventDate "2019.03.09"]

1. d4 g6 2. Nf3 Bg7 3. g3 c5 4. d5 b5 5. Bg2 d6 6. O-O Nf6 7. a4 b4 8. Nbd2 O-O
9. e4 Nbd7 10. Re1 Ng4 11. h3 Nge5 12. Nxe5 Bxe5 13. Nc4 Bg7 14. Rb1 Ba6 15. Bf1
Nb6 16. Nxb6 Qxb6 17. Bg5 Bxf1 18. Rxf1 Rfe8 19. Qd3 Rac8 20. Qc4 h6 21. Be3 e6
22. Rfd1 Qb7 23. b3 e5 24. Kg2 f5 25. f3 Rf8 26. Bg1 h5 27. Rf1 Qe7 28. Rbe1
Rce8 29. Be3 f4 30. Bf2 fxg3 31. Bxg3 Bh6 32. Qe2 Kg7 33. Kh2 Qf6 34. Qf2 Re7
35. Kg2 Rc7 36. Qe2 c4 37. bxc4 Rfc8 38. Qd3 Rxc4 39. Re2 R8c7 40. Rff2 Rc3 41.
Qb5 Be3 42. Rf1 Rxc2 43. Re1 Bf4 44. Bf2 R2c3 45. Qxb4 Rxf3 46. Rb2 Rf7 47. Qb8
Bc1 0-1

[Event "Prague International Open"]
[Site "Prague CZE"]
[Date "2019.03.09"]
[Round "1.22"]
[White "Vedrickiene, Jovita"]
[Black "Pulpan, Jakub"]
[Result "0-1"]
[BlackTitle "IM"]
[WhiteElo "2063"]
[BlackElo "2417"]
[WhiteFideId "12802573"]
[BlackFideId "302759"]
[EventDate "2019.03.09"]

1. e4 e5 2. Nf3 Nc6 3. Bc4 Nf6 4. d3 Bc5 5. O-O a6 6. c3 Ba7 7. Re1 O-O 8. Nbd2
d6 9. Bb3 Ne7 10. Nf1 Ng6 11. Ng3 c6 12. d4 Bg4 13. Be3 Nh4 14. dxe5 Bxf3 15.
gxf3 dxe5 16. Qe2 Nd7 17. Kh1 Qf6 18. Bd1 Bxe3 19. fxe3 Nc5 20. Rg1 Ne6 21. Qf2
Kh8 22. Nh5 Qe7 23. Qg3 Ng6 24. Bc2 Rad8 25. Rg2 Qh4 26. Qxh4 Nxh4 27. Rf2 Nc5
28. Rg1 g6 29. Nf6 Nd3 30. Rff1 Nxb2 31. Rg4 Rd6 32. Nxh7 Kxh7 33. Rxh4+ Kg7 34.
Rb1 Nc4 35. Rxb7 Nxe3 36. Bb3 Rd2 37. h3 g5 38. Rg4 Nxg4 39. fxg4 Rd3 40. Kg2
Rxc3 0-1

[Event "Prague International Open"]
[Site "Prague CZE"]
[Date "2019.03.09"]
[Round "1.23"]
[White "Rakesh, Kumar Jena"]
[Black "Kalinowska, Zuzanna"]
[Result "1/2-1/2"]
[WhiteTitle "IM"]
[WhiteElo "2416"]
[BlackElo "2062"]
[WhiteFideId "5084822"]
[BlackFideId "1195026"]
[EventDate "2019.03.09"]

1. Nf3 Nf6 2. d4 e6 3. Bf4 b6 4. Nbd2 Bb7 5. e3 d6 6. Bd3 Nbd7 7. h3 Be7 8. Qe2
c5 9. c3 O-O 10. O-O-O Qc7 11. Kb1 a6 12. g4 b5 13. g5 Nh5 14. Bh2 g6 15. Rhg1
Rfc8 16. e4 b4 17. cxb4 cxd4 18. Nxd4 Qb6 19. Nc2 Ne5 20. Bxe5 dxe5 21. Nc4 Qc7
22. Qe3 Rab8 23. Qb6 Nf4 24. Qxc7 Rxc7 25. Nxe5 Nxh3 26. Rh1 Nxg5 27. f3 Rd8 28.
Be2 Rxd1+ 29. Rxd1 f6 30. Nd7 f5 31. exf5 exf5 32. Nb8 Nxf3 33. Nxa6 Rc8 34. Nc5
Bxc5 35. bxc5 Be4 36. b4 Ne5 37. Kb2 g5 38. Nd4 f4 39. Ne6 h6 40. Kc3 f3 41. Bb5
Ng4 42. Rd7 Bf5 43. Re7 Bxe6 44. Rxe6 f2 45. Bc4 Kg7 46. c6 Nf6 47. b5 g4 48.
Kd4 g3 49. Ke3 h5 50. Kf3 h4 51. b6 Nd5 52. Bf1 Nxb6 53. Re4 Rxc6 54. Rxh4 Rc3+
55. Kg2 Ra3 56. Rg4+ Kf6 57. Rxg3 Rxg3+ 58. Kxg3 Ke5 59. Kxf2 Kd4 1/2-1/2

[Event "Prague International Open"]
[Site "Prague CZE"]
[Date "2019.03.09"]
[Round "1.25"]
[White "Akash, G"]
[Black "Vavruska, Antonin"]
[Result "1-0"]
[WhiteTitle "IM"]
[WhiteElo "2411"]
[BlackElo "2054"]
[WhiteFideId "5040299"]
[BlackFideId "301329"]
[EventDate "2019.03.09"]

1. e4 e6 2. d4 d5 3. Nc3 Bb4 4. e5 c5 5. a3 Ba5 6. b4 cxd4 7. Nb5 Bc7 8. f4 Ne7
9. Nf3 Nbc6 10. Bd3 a6 11. Nxc7+ Qxc7 12. O-O Bd7 13. Qe1 Nf5 14. g4 Ne3 15.
Bxe3 dxe3 16. Qxe3 h5 17. h3 hxg4 18. hxg4 O-O-O 19. Kg2 f6 20. Rae1 Kb8 21. Qc5
Rc8 22. a4 fxe5 23. fxe5 Nd8 24. Qxc7+ Rxc7 25. b5 axb5 26. axb5 Ka7 27. Ra1+
Kb6 28. Ra8 Rc8 29. Ra4 Rf8 30. Rh1 Rc5 31. Rb4 Rg8 32. Kg3 Rf8 33. Rhb1 Rc8 34.
Rh1 Rc5 35. g5 Rc3 36. Rf4 Rg8 37. Kf2 Rc5 38. Nd4 Rc7 39. Ke3 Be8 40. g6 Rc3
41. Kd2 Rxd3+ 42. cxd3 Bxg6 43. Rhf1 Rh8 44. Rf8 Rh2+ 45. Kc3 Kc7 1-0

[Event "Prague International Open"]
[Site "Prague CZE"]
[Date "2019.03.09"]
[Round "1.26"]
[White "Trapl, Dalibor"]
[Black "Rakotomaharo, Fy Antenaina"]
[Result "0-1"]
[BlackTitle "IM"]
[WhiteElo "2047"]
[BlackElo "2409"]
[WhiteFideId "330744"]
[BlackFideId "13100050"]
[EventDate "2019.03.09"]

1. e4 e5 2. Nf3 Nc6 3. Bb5 a6 4. Ba4 d6 5. O-O Bd7 6. c3 g6 7. d4 Bg7 8. Be3 Nf6
9. dxe5 dxe5 10. Nbd2 Qe7 11. b4 b6 12. h3 O-O 13. Qc2 h6 14. Rfd1 Nh5 15. Nf1
Rfd8 16. Bd2 Nf4 17. Ne3 Qf6 18. Nd5 Nxd5 19. exd5 Bf5 20. Qc1 Rxd5 21. Bxh6
Rxd1+ 22. Bxd1 e4 23. Bxg7 Kxg7 24. Ne1 a5 25. b5 Ne5 26. Be2 Rd8 27. Bf1 Qd6
28. c4 f6 29. Qc3 Qd4 30. Qxd4 Rxd4 31. Nc2 Rd2 32. Ne3 Be6 33. a4 f5 34. Rc1
Ra2 35. Nd5 Nd3 36. Rc3 Bxd5 37. cxd5 Nc5 38. Rc1 Kf6 39. f4 exf3 40. Rxc5 bxc5
41. d6 cxd6 42. b6 Rxa4 0-1